00804cam a2200229 a 4500001000800000005001700008008004100025010001700066020003200083040001800115041000800133080001900141082002300160100000700183101000800190245012000198504006400318906004500382942001200427999001700439952011800456398169120180307080750.0951213s1996 nyua b 001 0 eng  a 95052250  a0471577790 (acidfree paper) aDLCcDLCdDLC aeng a658.4/04 kev00a658.4/04 kev2201 a54 aman10aVisualizing project management /cKevin Forsberg, Hal Mooz, and Howard Cotterman ; foreword by Norman R. Augustine. aIncludes bibliographical references (p. 287-290) and index. a7bcbccorignewd1eocipf19gy-gencatlg 2ddccBK c44320d44320 00102udc40708PËKGa002b002cPËKGd2018-03-07l0o658.4/04 kevp002-3001043r2018-03-07w2018-03-07yBK